Statistics for Twin Peaks Characters

Click here to take the quiz!

General Stats

  • This quiz has been taken 65 times
    (63 since last reset)
  • The average score is 19 of 46

Answer Stats

Answer% Correct
Dale Cooper
98%
Laura Palmer
85%
Audrey Horne
80%
Benjamin Horne
72%
Harry Truman
72%
Leland Palmer
72%
Bob
69%
Donna Hayward
67%
Sarah Palmer
67%
Bobby Briggs
65%
Hawk
65%
Leo Johnson
63%
Shelly Johnson
61%
James Hurley
57%
Ed Hurley
54%
Gordon Cole
50%
Jerry Horne
50%
Lucy Moran
48%
Mike
44%
Norma Jennings
44%
Pete Martell
43%
Catherine Martell
41%
Andy Brennan
39%
Josie Packard
39%
Albert Rosenfield
33%
Hank Jennings
31%
Nadine Hurley
31%
Will Hayward
31%
Windom Earle
31%
Eileen Hayward
30%
Maddy Ferguson
26%
Annie Blackburn
24%
Jacques Renault
24%
Lawrence Jacoby
24%
Blackie
22%
Jean Renault
20%
Ronette Pulaski
15%
Andrew Packard
13%
Mike Nelson
13%
Bernard Renault
11%
Harold Smith
11%
Denise Bryson
7%
Phillip Jeffries
6%
Chester Desmond
4%
Evelyn Marsh
4%
Teresa Banks
2%

Score Distribution

Percentile by Number Answered

Percent of People with Each Score

Your Score History

You have not taken this quiz since the last reset